Warunki kierowania w przedsiebiorstwie panstwowym.

O kondícii vedúcich riadiacich kádrov pri prechode k trhovému hospodárstvu. Ich štruktúra a postoje. Podmienky riadenia smerujúce ku konformistickým postojom voči pracovníkom. Podmienky rastu úrovne starostlivosti o úlohy podniku. Povinnosti riadiaceho orgánu v oblasti motivácie k činnosti. Podmienk...

Descrizione completa

Salvato in:
Dettagli Bibliografici
Autore principale: Rutka, R.
Natura: Capitolo di libro
Lingua:polacco
Soggetti:
Tags: Aggiungi Tag
Nessun Tag, puoi essere il primo ad aggiungerne!!

MARC

LEADER 00000naa a2200000 4500
001 r012140
005 20220826094621.5
041 0 |a pol 
044 |a PL 
245 1 0 |a Warunki kierowania w przedsiebiorstwie panstwowym.  |c R. Rutka 
520 |a O kondícii vedúcich riadiacich kádrov pri prechode k trhovému hospodárstvu. Ich štruktúra a postoje. Podmienky riadenia smerujúce ku konformistickým postojom voči pracovníkom. Podmienky rastu úrovne starostlivosti o úlohy podniku. Povinnosti riadiaceho orgánu v oblasti motivácie k činnosti. Podmienky fungovania správy majetku. 
610 2 0 |a riadenie podnikové 
610 2 0 |a podnik štátny 
610 2 0 |a pracovníci riadiaci 
610 2 0 |a manažment 
610 2 0 |a hospodárstvo trhové 
610 2 0 |a motivácia 
610 2 0 |a povinnosti pracovníkov 
610 2 0 |a práva pracovníkov 
100 1 |a Rutka, R.